Statistics for All Daniel Caesar Songs

Click here to take the quiz!

General Stats

  • This quiz has been taken 94 times
    (36 since last reset)
  • The average score is 33 of 57

Answer Stats

AlbumAnswer% Correct
NEVER ENOUGH (Bonus Version)Always
90%
NEVER ENOUGH (Bonus Version)Always (feat. Summer Walker) [Bonus]
90%
NEVER ENOUGH (Bonus Version)Superpowers
87%
FreudianBest Part (feat. H.E.R)
83%
FreudianGet You (feat. Kali Uchis)
83%
CASE STUDY 01CYANIDE
77%
SingleCYANIDE REMIX (feat. Koffee)
77%
FreudianLoose
77%
FreudianFreudian
73%
SingleJapanese Denim
73%
Pilgrim's ParadiseStreetcar
73%
FreudianWe Find Love
73%
FreudianBlessed
70%
NEVER ENOUGH (Bonus Version)Cool
70%
NEVER ENOUGH (Bonus Version)Do You Like Me?
70%
FreudianTake Me Away (feat. Syd)
70%
FreudianHold Me Down
67%
NEVER ENOUGH (Bonus Version)Toronto 2014
67%
SingleWho Hurt You?
67%
Pilgrim's ParadiseA Cappella
63%
NEVER ENOUGH (Bonus Version)Homiesexual
63%
NEVER ENOUGH (Bonus Version)Let Me Go
63%
CASE STUDY 01LOVE AGAIN
63%
CASE STUDY 01ARE YOU OK?
60%
NEVER ENOUGH (Bonus Version)Buyer's Remorse (feat. Omar Apollo)
60%
Pilgrim's ParadiseLittle Rowboat
60%
FreudianNeu Roses (Transgressor's Song)
60%
NEVER ENOUGH (Bonus Version)Please Do Not Lean (feat. BADBADNOTGOOD) [Bonus]
60%
CASE STUDY 01SUPERPOSITION (feat. John Mayer)
60%
FreudianTransform (feat. Charlotte Day Wilson)
60%
NEVER ENOUGH (Bonus Version)Valentina
60%
NEVER ENOUGH (Bonus Version)Valentina (feat. Rick Ross) [Bonus]
60%
Pilgrim's ParadiseDeath & Taxes
57%
NEVER ENOUGH (Bonus Version)Disillusioned
57%
NEVER ENOUGH (Bonus Version)Ocho Rios
57%
NEVER ENOUGH (Bonus Version)Unstoppable
57%
Praise BreakViolet
57%
CASE STUDY 01ENTROPY
53%
NEVER ENOUGH (Bonus Version)Shot My Baby
53%
CASE STUDY 01COMPLEXITIES
50%
NEVER ENOUGH (Bonus Version)Pain Is Inevitable
50%
CASE STUDY 01TOO DEEP TO TURN BACK
50%
CASE STUDY 01OPEN UP
47%
NEVER ENOUGH (Bonus Version)Vince Van Gogh
47%
SingleWon't Live Here
47%
CASE STUDY 01FRONTAL LOBE MUZIK (feat. Pharrell Williams)
43%
SingleWaiting In Vain
43%
Pilgrim's ParadiseParadise (feat. BADBADNOTGOOD & Sean Leon)
40%
Pilgrim's ParadiseShow No Regret
40%
Pilgrim's ParadiseTrinity Bellwoods
40%
CASE STUDY 01RESTORE THE FEELING (feat. Jacob Collier & Sean Leon)
37%
Praise BreakPorn Star
30%
Praise BreakPseudo
30%
Praise BreakEnd Of The Road
27%
Praise BreakWe'll Always Have Paris (feat. Sean Leon)
27%
Praise BreakCasablanca
23%
Praise BreakChevalier
23%

Score Distribution

Percentile by Number Answered

Percent of People with Each Score

Your Score History

You have not taken this quiz since the last reset